000 00418nam a2200157 4500
001 143117
003 ES-MaACL
005 20230906200729.0
007 t|
008 070214q1950 sp r ||||1| spa d
245 0 0 _aSemana Santa Cuenca
_b: 1950.
260 _aMadrid :
_bA. G. Martorell,
_c[1950?]
300 _a24 h. :
_bil. ;
_c24 cm.
650 4 _aSemana Santa-
_zCuenca.
_9149942
852 _aES-MaACL
_j1909-F-14
999 _c143117
_d143117